00440nam a2200145Ia 4500082001200000100001800012245010500030260004300135300000800178504003900186650002000225650001300245650002200258710001400280 aTA.0269 aAsha Rani, S. 0aPsychological adjustment to chronic diseades and barriers to self-care: a study on Diabetes Mellitus c2003bAndhra University, Visakhapatnam a115 aIncludes appendix and bibliography aChronic disease aDiabetes aSelf-care, Health aMadhu, K.